Score 0/58 Timer 06:00
6 Plays Today
Clue 4-Letter Word % Correct
• One Last _____• TIME •
96.9%
• _____ a Break •• TAKE •
96.9%
Use an ovenBAKE
92.5%
• The _____ Where It Happens •• ROOM •
92.4%
• _____ Us All Away •• BLOW •
92.3%
• _____ Alive (Reprise) •• STAY •
91.5%
• I _____ Him • OR • We _____• KNOW •
90.2%
• _____ of Wives and _____ of Women •• BEST •
90.2%
• Who Lives, Who _____, Who Tells Your Story •• DIES •
90.2%
Become exhaustedTIRE
90.2%
Not fastSLOW
90.1%
• Say No to _____• THIS •
89.6%
The cry of a lionROAR
89.5%
• What'd I _____? ••MISS •
89.1%
Winter precipitationSNOW
88.5%
• _____ Obedient Servant •• YOUR •
87.7%
Domesticated or subduedTAME
87.4%
Flexible metallic threadWIRE
87.3%
• The World Was _____ Enough •• WIDE •
86.8%
Underground portion of a plantROOT
86.5%
Fly, like an eagleSOAR
86.2%
Nasal dischargeSNOT
85.8%
WanderROAM
85%
• Washington on Your _____• SIDE•
85%
Slender or slimTHIN
84.7%
Yellow part of an eggYOLK
84.5%
The front of the leg below the kneeSHIN
84%
Fireplace residueSOOT
83.8%
Whirl around quicklySPIN
83.5%
Clue 4-Letter Word % Correct
Lacking moneyPOOR
83.4%
Fill up a glassPOUR
82.8%
Defeat in a contestBEAT
82.4%
Celestial bodySTAR
82%
Slip, hitch, or Windsor, e.g.KNOT
81.4%
Opposite of an acidBASE
81.1%
Distance between wing tipsSPAN
81%
Portal or entrywayDOOR
80.9%
To insult, slangilyDISS
80.3%
Ebb and ____FLOW
80%
Sterilize female animalSPAY
79.1%
Roman Catholic church serviceMASS
78.1%
Ink stainBLOT
77.8%
A narrow groove or openingSLOT
77%
Impressive achievementFEAT
76.6%
Employment or laborWORK
76.6%
Ancient Egyptian cat goddessBAST
75.3%
Bucks' matesDOES
74.9%
To come into beingBORN
74.8%
One who gets things doneDOER
74.6%
A defectFLAW
74.2%
Traditional art or cultureFOLK
74.2%
Opposite of sharpFLAT
73.2%
At happy hour, you might order a round of Mai ___TAIS
73.2%
Eroded by useWORN
71.7%
Object with tinesFORK
71.6%
Former Red Sox player Kevin, for shortYOUK
71.6%
Former Soviet news agencyTASS
68.8%
• _____• BURN •
53.7%

Today's Daily Dose

Word Ladder
Athletics

Remove Ads.
Support Sporcle.
Get the best of Sporcle when you Go Orange. This ad-free experience offers more features, more stats, and more fun while also helping to support Sporcle. Thank you for becoming a member.

You're not logged in!

Compare scores with friends on all Sporcle quizzes.
OR
Log In

Show Comments

Extras

Top Quizzes Today


Score Distribution

Your Account Isn't Verified!

In order to create a playlist on Sporcle, you need to verify the email address you used during registration. Go to your Sporcle Settings to finish the process.

Report this User

Report this user for behavior that violates our Community Guidelines.

Details: